000 00230nam a22000857a 4500
008 160908b xxu||||| |||| 00| 0 eng d
100 _9329
_aDickens C
245 _aA Tale of Two Cities
260 _aEngland
_bPearson Educational ltd
_c2000
999 _c2989
_d2989